000 00883nam a2200253Ia 4500
003 OSt
005 20220923212218.0
006 a|||||r|||| 00| 0
007 ta
008 220922b |||||||| |||| 00| 0 hin d
024 _a151,696
037 _cTextual
040 _aARTS
_cARTS
_bhin
041 _2hin
_ahin
082 _a/\2y7M53, 152J0.1
100 _aत्रिपाठी, सूर्यकान्त, अनु.
_9162296
245 0 _aरामकृष्णवचनामृत भाग 1, 2
246 _aRāmakṛuṣhṇavachanāmṛut bhāg 1, 2
250 _aसंस्क 3
260 _c1950
650 _aआध्यात्मिक अनुभव और रहस्यवाद
942 _h/\2y7M53, 152J0.1
_cTEXL
_2CC
999 _c307369
_d307369